Código Penal de la República de Chile
Gespeichert in:
| 1. Verfasser: | |
|---|---|
| Format: | Buch |
| Sprache: | Spanisch |
| Veröffentlicht: |
Santiago
L. A. Lagunas
1920
|
| Schlagworte: | |
| Tags: |
Tag hinzufügen
Keine Tags, Fügen Sie den ersten Tag hinzu!
|
MARC
| LEADER | 00000nam a2200000 a 4500 | ||
|---|---|---|---|
| 001 | UCS0474 | ||
| 003 | CL-VaPUC | ||
| 008 | 970426e19200000CL |||||||||||||||||spa|d | ||
| 082 | 0 | 4 | |a 345.83 |b BAÑ |2 21 |
| 100 | 0 | |a Bañados Espinosa, Florencio |e author |9 384030 | |
| 245 | 1 | 0 | |a Código Penal de la República de Chile |
| 300 | |a 423 p | ||
| 942 | |c BK | ||
| 945 | |d 19970426 00:00:00 |a paguirre | ||
| 260 | |a Santiago |b L. A. Lagunas |c 1920 | ||
| 650 | 7 | |a DERECHO PENAL |2 CL-VaPUC |9 11 | |
| 650 | 0 | |a Códigos |9 352314 | |
| 650 | 0 | |a Ley penal |9 256611 | |
| 650 | 0 | |a Delitos |9 224143 | |
| 650 | 0 | |a Responsabilidad penal |9 254899 | |
| 650 | 0 | |a Agravantes |9 383432 | |
| 650 | 0 | |a Penas |9 255927 | |
| 650 | 7 | |a DELITOS CONTRA LAS PERSONAS |2 CL-VaPUC |9 256124 | |
| 650 | 7 | |a DELITOS CONTRA LA SEGURIDAD DEL ESTADO |2 CL-VaPUC |9 384031 | |
| 651 | 7 | |a CHILE |2 CL-VaPUC |9 384032 | |
| 583 | |a last modification |c 19970426 00:00:00 |k Rodrigo Vera | ||
| 999 | |c 258701 |d 258699 | ||
| 952 | |0 0 |1 0 |2 ddc |4 0 |5 1 |6 345_830000000000000_BAÑ_1920 |7 1 |8 C_LRYV |9 282971 |a FDOBRV |b BIBDER |d 2019-11-19 |i 1833871 |o 345.83 BAÑ 1920 |p 1833871 |r 2023-01-25 |w 2019-11-19 |y BK_X |k BRV | ||